North Dakota Geography Quiz - Sudden Death - Statistics

General Stats
  • This quiz has been taken 145 times
  • The average score is 12 of 20
Answers on the Grid
Answers color-coded by a green-red scale on the quiz's grid according to % correct below.
Appalachian Mountains
Bismarck
Colorado Springs
Death Valley National Park
Des Moines
Devils Lake
Dickinson
Dubuque
Fargo
Fort Mandan
Fort Union Trading Post Natoinal Historic Site
Glacier National Park
Grand Forks
Great Falls
Great Plains
Great Salt Lake
Helena
James River
Jamestown
Lake Michigan
Lake of the Woods
Lake Sakakawea
Lewis & Clark National Historic Trail
Minot
Missouri River
Mount Rushmore National Park
Mouse River
Northwest Angle
Pierre
Rapid City
Red River
Rio Grande
Sioux Falls
St. Cloud
Sturgis
Theodore Roosevelt National Park
White Butte
Williston
Winnipeg
Yellowstone River
 
Answer Stats
Answer % Correct
Bismarck
92%
Fargo
88%
Dickinson
72%
Grand Forks
72%
Devils Lake
71%
Fort Union Trading Post Natoinal Historic Site
71%
Great Plains
70%
Lewis & Clark National Historic Trail
68%
Minot
67%
Theodore Roosevelt National Park
62%
Missouri River
54%
Williston
54%
Lake Sakakawea
53%
Red River
51%
Fort Mandan
50%
Jamestown
50%
James River
47%
White Butte
47%
Mouse River
43%
Yellowstone River
28%
No matching quizzes found
Score Distribution
Percent of People with Each Score
Percentile by Number Answered
Your Score History
You have not taken this quiz